| 000 | 01384nam2a2200253 4500 | ||
|---|---|---|---|
| 001 | RU\NLR\BIBL_A\012117732 | ||
| 005 | 20260408081132.0 | ||
| 035 | _a(NLR Aleph) 012117732 | ||
| 090 |
_a11976642 _c11976642 |
||
| 100 | _a20191011d1905 |||y0rusy50 ca | ||
| 101 | 0 | _arus | |
| 102 | _aRU | ||
| 105 | _ay|||z|||100zy | ||
| 200 | 1 | _aХодатайства по докладам третьего съезда | |
| 210 |
_d1905 _aБ. м. |
||
| 215 |
_a49, [1] с. _cтабл. |
||
| 320 | _aБиблиогр. в подстроч. примеч. | ||
| 461 | 0 |
_1001RU\NLR\BIBL_A\012117722 _12001#$aХодатайства возбужденные Постоянным комитетом Всероссийских электротехнических съездов$vВып. 2 _911976602 _cС.-Петербург _d1902 _nПостоянный комитет Всероссийских электротехнических съездов _tХодатайства возбужденные Постоянным комитетом Всероссийских электротехнических съездов _vВып. 2 |
|
| 711 | 1 | 2 |
_aВсероссийский электротехнический съезд _d3 _f1903-1904 _eПетербург _3RU\NLR\AUTH\8810221300 _9327569 |
| 852 |
_aNLR _j34.3.2.161(2) |
||
| 942 | _cBOOK | ||
| 980 | _aNB | ||